Vista normal
Vista MARC
Entrada Topical Term
Número de registros utilizados en: 3
001 - CONTROL NUMBER
- control field: 9140
003 - CONTROL NUMBER IDENTIFIER
- control field: OSt
005 - DATE AND TIME OF LATEST TRANSACTION
- control field: 20200824170307.0
008 - FIXED-LENGTH DATA ELEMENTS
- fixed length control field: 200824|| aca||aabn | a|a d
040 ## - CATALOGING SOURCE
- Original cataloging agency: OSt
- Transcribing agency: OSt
150 ## - HEADING--TOPICAL TERM
- Topical term or geographic name entry element: Política médica
670 ## - SOURCE DATA FOUND
- Source citation: Work cat.: (OSt)6057: Jaimes, Carlos Alberto, autor 9138, Desempeño financiero y económico de las EPS del Régimen Contributivo y otros actores de las seguridad social en salud en Colombia 1993-2006 /, 2009.